000 00347nam a22001457a 4500
003 macl
005 20190905164625.0
008 190905b xxu||||| |||| 00| 0 eng d
040 _cmacl
100 _aVijayakrishnan,Anuradha
_976587
245 _aSeeing The Firl
260 _aDelhi
_bLiFi Pub
_c2014
650 _aNovel
_976588
942 _2ddc
_cBK
999 _c60963
_d60963